Cities in the Sacramento Metro Area on a Map - Statistics

General Stats
  • This quiz has been taken 363 times
  • The average score is 15 of 33
Answers on the Map
Answers color-coded by a green-red scale on the quiz's map according to % correct below.
 
Answer Stats
Population City % Correct
466,488 Sacramento
98%
118,788 Roseville
83%
153,015 Elk Grove
81%
72,203 Folsom
76%
48,744 West Sacramento
72%
64,776 Rancho Cordova
67%
83,301 Citrus Heights
62%
65,622 Davis
61%
56,974 Rocklin
59%
13,330 Auburn
54%
42,108 El Dorado Hills
54%
42,819 Lincoln
52%
10,389 Placerville
50%
55,468 Woodland
49%
61,762 Carmichael
48%
92,186 Arden-Arcade
46%
33,960 Orangevale
43%
30,912 Fair Oaks
42%
20,402 Granite Bay
41%
23,647 Galt
39%
42,694 North Highlands
38%
15,106 Rio Linda
36%
45,770 Antelope
35%
47,513 Florin
31%
22,681 Rosemont
29%
18,228 Cameron Park
28%
13,022 North Auburn
19%
33,121 Foothill Farms
17%
10,802 La Riviera
15%
24,836 Vineyard
15%
11,037 Diamond Springs
14%
13,729 Lemon Hill
11%
14,670 Parkway
10%
No matching quizzes found
Score Distribution
Percent of People with Each Score
Percentile by Number Answered
Your Score History
You have not taken this quiz